Fortalezas y castillos en la Edad Media : (Record no. 160548)
[ view plain ]
| 000 -LEADER | |
|---|---|
| campo de control de longitud fija | 00957nam a22002295i 4500 |
| 001 - NÚMERO DE CONTROL | |
| campo de control | 160548 |
| 003 - IDENTIFICADOR DE NÚMERO DE CONTROL | |
| campo de control | ES-MaACL |
| 005 - FECHA Y HORA DE LA ÚLTIMA TRANSACCIÓN | |
| campo de control | 20250716063318.0 |
| 008 - DATOS DE LONGITUD FIJA--INFORMACIÓN GENERAL | |
| campo de control de longitud fija | 990513s1895 sp |||| | spa d |
| 040 ## - FUENTE DE CATALOGACIÓN | |
| Centro catalogador/agencia de origen | CCPB | B |
| Lengua de catalogación | spa |
| Centro/agencia transcriptor | CCPB | B |
| 100 1# - ENTRADA PRINCIPAL--NOMBRE DE PERSONA | |
| Nombre de persona | Navarro, Felipe Benicio, |
| Fechas asociadas al nombre | 1840-1901 |
| Término indicativo de función/relación | Autor |
| 9 (RLIN) | 85065 |
| 245 10 - MENCIÓN DEL TÍTULO | |
| Título | Fortalezas y castillos en la Edad Media : |
| Resto del título | (Maqueda y Escalona) / |
| Mención de responsabilidad, etc. | por Felipe B. Navarro. |
| 260 ## - PUBLICACIÓN, DISTRIBUCIÓN, ETC. | |
| Lugar de publicación, distribución, etc. | Madrid : |
| Nombre del editor, distribuidor, etc. | [s.n.], |
| Fecha de publicación, distribución, etc. | 1895 |
| Fabricante | (Est. Tip. de Agustín Avrial) |
| 300 ## - DESCRIPCIÓN FÍSICA | |
| Extensión | 31 páginas ; |
| Dimensiones | 28 cm. |
| 510 4# - NOTA DE CITAS O REFERENCIAS BIBLIOGRÁFICAS | |
| Nombre de la fuente | Palau, |
| Localización dentro de la fuente | t. X, 188171 |
| 650 #4 - PUNTO DE ACCESO ADICIONAL DE MATERIA--TÉRMINO DE MATERIA | |
| Término de materia o nombre geográfico como elemento de entrada | Fortificaciones- |
| Subdivisión geográfica | España |
| 9 (RLIN) | 161714 |
| 650 #4 - PUNTO DE ACCESO ADICIONAL DE MATERIA--TÉRMINO DE MATERIA | |
| Término de materia o nombre geográfico como elemento de entrada | Castillos- |
| Subdivisión geográfica | Castilla-La Mancha |
| 9 (RLIN) | 10825 |
| 852 ## - LOCALIZACIÓN | |
| Ubicación | ES-MaACL |
| Ubicación en estantería | Depósito folletos |
| Anotaciones manuscritas | Dedicatoria ms. del autor a la Biblioteca del Ateneo |
| Donativo/Legado | Donativo de Felipe Benicio Navarro |
| Número de control de estantería | T-825-F-7 |
| Encuadernación | Enc. en un vol. facticio |
| -- | Holandesa conservando cub. original |
| 942 ## - ELEMENTOS DE ENTRADA SECUNDARIOS (KOHA) | |
| Fuente del sistema de clasificación o colocación | Clasificación decimal universal |
| Tipo de ítem Koha | Folleto |
| Suprimir en OPAC | No |
| Estatus retirado | Estado de pérdida | Fuente del sistema de clasificación o colocación | Estado de daño | No para préstamo | Colección | Biblioteca de origen | Biblioteca actual | Ubicación en estantería | Fecha de adquisición | Fuente de adquisición | Número de control de estantería | Total de préstamos | Signatura topográfica completa | Código de barras | Visto por última vez | Tipo de ítem Koha | Nota pública |
|---|---|---|---|---|---|---|---|---|---|---|---|---|---|---|---|---|---|
| Clasificación decimal universal | Colección de folletos | Biblioteca del Ateneo de Madrid | Biblioteca del Ateneo de Madrid | Depósito folletos | 17/01/2008 | Donación | 1 | T-825-F-7 | 1168106 | 23/02/2023 | Folleto | Dedicatoria autógrafa del autor |
